Reason in action

Gardado en:
Detalles Bibliográficos
Autor Principal: Finnis, John (Author)
Formato: Libro
Idioma:inglés
Publicado: New York, USA Oxford University 2011
Series:Collected Essays, 1
Subjects:
Acceso en liña:Disponible Online
Tags: Engadir etiqueta
Sen Etiquetas, Sexa o primeiro en etiquetar este rexistro!

MARC

LEADER 00000cam a2200000 a 4500
001 UCF7644
003 CL-VaPUC
005 20210727205941.0
008 130704e20110000US |||||||||||||||||eng|d
999 |c 352452  |d 352450 
020 |a 9780199580057 
040 |c Pontificia Universidad Católica de Valparaíso 
082 0 4 |a 340.1 FIN 2011  |2 21 
100 0 |a Finnis, John  |e author  |9 569724 
245 1 0 |a Reason in action 
260 |a New York, USA  |b Oxford University  |c 2011 
300 |a 365 páginas  
490 0 |a Collected Essays,   |v  1 
583 |a last modification  |c 20130704 11:43:00  |k Rodrigo Vera 
650 0 |a Filosofía del derecho   |9 255050 
650 0 |a Derecho natural   |9 255041 
650 0 |a Razón   |9 314475 
856 |u https://oxford-universitypressscholarship-com.pucv.idm.oclc.org/view/10.1093/acprof:oso/9780199580057.001.0001/acprof-9780199580057?rskey=D71V2N&result=8  |y Disponible Online  
942 |c BK  |2 ddc 
945 |d 20130704 00:00:00  |a cmena 
952 |0 0  |1 0  |4 0  |6 340_100000000000000_FIN_2011  |7 0  |8 A  |9 456981  |a BIBDER  |b BIBDER  |d 2019-11-22  |i 4982517  |o 340.1 FIN 2011  |p 4982517  |r 2023-01-25  |w 2019-11-22  |y BK  |k DER